Elements of Environmental Engineering (Record no. 37608)

MARC details
000 -LEADER
fixed length control field 00414nam a2200169Ia 4500
008 - FIXED-LENGTH DATA ELEMENTS--GENERAL INFORMATION
fixed length control field 230524s9999 xx 000 0 und d
020 ## - INTERNATIONAL STANDARD BOOK NUMBER
ISBN 8121915473
082 ## - DEWEY DECIMAL CLASSIFICATION NUMBER
Classification number 628
Item number DUG
100 ## - MAIN ENTRY--AUTHOR NAME
Personal name K.N.Duggal
245 #0 - TITLE STATEMENT
Title Elements of Environmental Engineering
250 ## - EDITION STATEMENT
Edition statement 1ST
260 ## - PUBLICATION, DISTRIBUTION, ETC. (IMPRINT)
Place of publication NEW DELHI
Name of publisher "S,Chand"
Year of publication 2007
300 ## - PHYSICAL DESCRIPTION
Number of Pages XVII;429
500 ## - GENERAL NOTE
General note Quantity Number: 9
650 ## - SUBJECT ADDED ENTRY--TOPICAL TERM
Topical Term Environmental
942 ## - ADDED ENTRY ELEMENTS (KOHA)
Koha item type Books
Holdings
Lost status Damaged status Permanent Location Current Location Shelving location Date acquired Full call number Accession Number Koha item type
    Central Library, Trident Academy of Technology Central Library, Trident Academy of Technology General Stacks 05/24/2023 628 DUG 20114 Books
    Central Library, Trident Academy of Technology Central Library, Trident Academy of Technology General Stacks 05/24/2023 628 DUG 20115 Books
    Central Library, Trident Academy of Technology Central Library, Trident Academy of Technology General Stacks 05/24/2023 628 DUG 20116 Books
    Central Library, Trident Academy of Technology Central Library, Trident Academy of Technology General Stacks 05/24/2023 628 DUG 20117 Books
    Central Library, Trident Academy of Technology Central Library, Trident Academy of Technology General Stacks 05/24/2023 628 DUG 21008 Books
    Central Library, Trident Academy of Technology Central Library, Trident Academy of Technology General Stacks 05/24/2023 628 DUG 21009 Books
    Central Library, Trident Academy of Technology Central Library, Trident Academy of Technology General Stacks 05/24/2023 628 DUG 21010 Books
    Central Library, Trident Academy of Technology Central Library, Trident Academy of Technology General Stacks 05/24/2023 628 DUG 21011 Books
    Central Library, Trident Academy of Technology Central Library, Trident Academy of Technology General Stacks 05/24/2023 628 DUG 21012 Books
Trident Academy of Technology © 2023.
All rights reserved.                                                                                                                                                                                                        Designed by Team of Central Library .

Powered by Koha